| 000 | 00409nam a2200169Ia 4500 | ||
|---|---|---|---|
| 008 | 230524s9999 xx 000 0 und d | ||
| 020 | _a8188429139 | ||
| 082 |
_a621.402 _bRAM |
||
| 100 | _aK.K.Ramalingam | ||
| 245 | 0 | _aThermodynamics for Engineers | |
| 250 | _a1ST | ||
| 260 |
_aCHENNAI _bScitech _c2003 |
||
| 300 | _aXIV;555 | ||
| 500 | _aQuantity Number: 5 | ||
| 650 | _aThermodynamics | ||
| 942 | _cBK | ||
| 999 |
_c26129 _d26129 |
||